| 000 | 00427nam a22001577a 4500 | ||
|---|---|---|---|
| 082 |
_a530.412 _bwag _cL-6, P-47 |
||
| 100 |
_aWagstaff, C.J.L _939817 |
||
| 245 |
_aProperties of matter _cWagstaff, C.J.L |
||
| 250 | _a7th ed. | ||
| 260 |
_aLondon _bUTP _cc1953 |
||
| 300 |
_a279 p. : _bill. ; _c18 cm. |
||
| 526 |
_a0 _b0 _c0 _d530_412000000000000_WAG |
||
| 650 |
_aMCE _9379 |
||
| 700 |
_aWagstaff, C.J.L _939817 |
||
| 942 |
_2ddc _cBK |
||
| 999 |
_c544242 _d544242 |
||